Communes au nom commun - Mort Subite (Spéciale Animaux) - Statistiques

Statistiques générales
  • Ce quiz a été pris 17 fois
    14 depuis la dernière actualisation
  • Le résultat moyen est 11 sur 20
Answers on the Grid
Answers color-coded by a green-red scale on the quiz's grid according to % correct below.
Autruche
Bourdon
Canari
Hérisson
Colombe
Couleuvre
Mouton
Serval
Poissons
Dauphin
Grillon
Faucon
Caille
Merles
Mouettes
Grues
Rennes
Biches
Agneaux
Chatte
Rhinocéros
Kangourous
Sauterelle
Crapaud
Marcassins
Araignée
Cafards
Esturgeon
Cacatoès
Tarentule
 
Statistiques - réponses
Réponse % Correct
Isère (38) Colombe
86%
Ille-et-Vilaine (35) Rennes
86%
Tarn-et-Garonne (82) Merles
79%
Aisne (02) Serval
71%
Alpes-Maritimes (06) Caille
64%
Charente (16) Mouton
64%
Somme (80) Bourdon
57%
Isère (38) Chatte
57%
Vaucluse (84) Faucon
57%
Vaucluse (84) Grillon
57%
Nièvre (58) Biches
50%
Haute-Corse (2B) Canari
50%
Vendée (85) Grues
50%
Eure (27) Mouettes
50%
Haute-Marne (52) Poissons
50%
Alpes-de-Haute-Provence (04) Dauphin
43%
Manche (50) Agneaux
36%
Allier (03) Couleuvre
36%
Allier (03) Hérisson
29%
Ardennes (08) Autruche
21%
Aucun quiz correspondant
Distribution des résultats
% des personnes avec chaque résultat
Percentile par nombre de réponses
Votre historique - résultats
Vous n’avez pas pris ce quiz depuis la dernière actualisation